[Event "Charity Cup - Preliminari"]
[Site "Internet"]
[Date "20.03.2022"]
[Round "7"]
[White "Jones, Gawain"]
[Black "Vidit Santosh Gujrathi"]
[Result "1/2-1/2"]
[WhiteElo "2672"]
[BlackElo "2723"]
[EventDate "2022.03.19"]

1. e4 e5 2. Nf3 Nc6 3. Bc4 Nf6 4. d3 Bc5 5. O-O d6 6. c3 a5 7. Re1 O-O 8.
h3 h6 9. Bb5 Ba7 10. Be3 Bxe3 11. Rxe3 Ne7 12. d4 Ng6 13. Bf1 Re8 14. c4
Nh7 15. Nc3 Ng5 16. d5 Nxf3+ 17. Qxf3 Rf8 18. g3 Ne7 19. Bd3 f5 20. exf5
Bxf5 21. Qh5 Qd7 22. Bxf5 Nxf5 23. Rd3 Nd4 24. Qg4 Qf7 25. Rf1 h5 26. Qe4
Nf3+ 27. Kg2 Ng5 28. Qh4 Qf5 29. Re3 Nf3 30. Qe4 Nd2 31. Qxf5 Rxf5 32. Rc1
Nxc4 33. Re2 Nb6 34. Nb5 Nxd5 35. Rd2 Raf8 36. Nxc7 Nb4 37. Rcd1 e4 38. Ne6
R8f6 39. Nf4 Nd3 40. Nxd3 exd3 41. f4 h4 42. Rxd3 hxg3 43. Rxd6 Rxf4 44.
Rxf6 Rxf6 45. Kxg3 b6 46. Rd7 Kh7 47. Rb7 Kh6 48. b3 g6 49. h4 g5 50. a3
Kg6 51. hxg5 Kxg5 52. b4 axb4 53. axb4 Kf5 54. Kf3 Ke5+ 55. Ke3 Kd5 56. Kd3
Kc6 57. Rh7 Kb5 58. Kc3 Rf3+ 59. Kb2 Kxb4 60. Rh4+ Ka5 61. Rg4 b5 62. Rh4
Rg3 63. Rf4 b4 64. Rf8 Kb5 65. Rb8+ Kc4 66. Rc8+ Kb5 67. Rb8+ Kc4 68. Rc8+
Kb5 69. Rb8+ 1/2-1/2

[Event "Charity Cup - Preliminari"]
[Site "Internet"]
[Date "20.03.2022"]
[Round "7"]
[White "Van Foreest, Jorden"]
[Black "Ju Wenjun"]
[Result "1-0"]
[WhiteElo "2709"]
[BlackElo "2560"]
[EventDate "2022.03.19"]

1. e4 e5 2. Nf3 Nc6 3. Bc4 Bc5 4. c3 Nf6 5. d3 d6 6. O-O a5 7. Re1 O-O 8.
h3 Be6 9. Bb5 Bb6 10. Nbd2 Ne7 11. Nf1 Ng6 12. Ng3 c6 13. Ba4 d5 14. Bb3
dxe4 15. dxe4 Qxd1 16. Rxd1 Bxb3 17. axb3 h6 18. Kf1 Rfd8 19. Re1 Ne8 20.
Nf5 f6 21. g3 Kf7 22. Ke2 Ne7 23. Be3 Bxe3 24. Nxe3 Nd6 25. Nd2 b5 26. b4
axb4 27. cxb4 f5 28. f3 fxe4 29. fxe4 Ke6 30. Rec1 Rdc8 31. Kd3 Rxa1 32.
Rxa1 c5 33. bxc5 Rxc5 34. b4 Rc8 35. Nb3 Nc6 36. Nd5 Nb7 37. Ra6 Nd6 38.
Rb6 h5 39. Nc5+ Kf7 40. Nb7 Ke6 41. Nxd6 Kxd6 42. Rxb5 Ra8 43. Rb6 Ra3+ 44.
Kc4 Kd7 45. Rb7+ Kd6 46. Rxg7 h4 47. gxh4 Rxh3 48. h5 Rh4 49. Rg6+ Kd7 50.
h6 Rxe4+ 51. Kc5 Nd4 52. Nf6+ 1-0

[Event "Charity Cup - Preliminari"]
[Site "Internet"]
[Date "20.03.2022"]
[Round "8"]
[White "Niemann, Hans Moke"]
[Black "Ju Wenjun"]
[Result "1-0"]
[WhiteElo "2642"]
[BlackElo "2560"]
[EventDate "2022.03.19"]

1. d4 Nf6 2. Nc3 d5 3. Bf4 a6 4. e3 Bf5 5. Bd3 Bxd3 6. cxd3 e6 7. Qb3 b6 8.
Nf3 Nbd7 9. e4 c6 10. h3 Be7 11. e5 Ng8 12. Ne2 h5 13. O-O-O c5 14. Kb1 h4
15. g4 hxg3 16. fxg3 Nh6 17. g4 b5 18. dxc5 Nxc5 19. Qc2 Rc8 20. Rc1 Kd7
21. Qd2 Qb6 22. Ned4 b4 23. g5 Nf5 24. Nxf5 exf5 25. e6+ fxe6 26. Ne5+ Kd8
27. Qc2 Rh4 28. Qf2 Rh7 29. Rc2 b3 30. axb3 Qxb3 31. Rc3 Qb5 32. d4 Na4 33.
Rxc8+ Kxc8 34. Qc2+ Kb7 35. Rc1 Rh8 36. Ng6 Re8 37. Nxe7 Rxe7 38. Qc8+ Ka7
39. Rc7+ Rxc7 40. Qxc7+ Ka8 41. Qd8+ Ka7 42. Qe7+ Qb7 43. Qxb7+ Kxb7 44. g6
Nb6 45. Be5 Nc8 46. h4 Ne7 47. h5 f4 48. Bxf4 Nf5 49. Be5 Kc6 50. Bxg7 1-0

[Event "Charity Cup - Preliminari"]
[Site "Internet"]
[Date "20.03.2022"]
[Round "8"]
[White "Vidit Santosh Gujrathi"]
[Black "Van Foreest, Jorden"]
[Result "0-1"]
[WhiteElo "2723"]
[BlackElo "2709"]
[EventDate "2022.03.19"]

1. e4 e5 2. Nf3 Nc6 3. Bc4 Nf6 4. d3 Bc5 5. O-O d6 6. c3 O-O 7. Re1 Bb6 8.
h3 Ne7 9. d4 Ng6 10. a4 c6 11. Bf1 d5 12. exd5 e4 13. Ne5 cxd5 14. Na3 Be6
15. Nxg6 fxg6 16. Bf4 Nh5 17. Be5 Bc7 18. Nb5 Bxe5 19. dxe5 Nf4 20. Nd4
Nxh3+ 21. gxh3 Qg5+ 22. Kh1 Rxf2 23. Re2 Raf8 24. Rxf2 Rxf2 25. Qe1 e3 26.
Nxe6 Qg3 27. Qxf2 exf2 28. Bg2 Qxe5 29. Rf1 Qxe6 30. Rxf2 h5 31. Rf1 Kh7
32. a5 Qe2 33. b4 b6 34. axb6 axb6 35. Rf3 Kh6 36. Kh2 Qe5+ 37. Kh1 d4 38.
cxd4 Qxd4 39. b5 Qd5 40. Rc3 Qxb5 41. Rc6 Qb4 42. Bf3 b5 43. Kg2 Kg5 44.
Re6 Qc3 45. Re4 Kf5 46. h4 g5 47. hxg5 Kxg5 48. Re7 b4 49. Rb7 Kh4 50. Re7
g5 0-1

[Event "Charity Cup - Preliminari"]
[Site "Internet"]
[Date "20.03.2022"]
[Round "8"]
[White "Duda, Jan-Krzysztof"]
[Black "Jones, Gawain"]
[Result "1-0"]
[WhiteElo "2750"]
[BlackElo "2672"]
[EventDate "2022.03.19"]

1. d4 Nf6 2. c4 g6 3. Nc3 Bg7 4. e4 d6 5. f3 O-O 6. Be3 c5 7. Nge2 Nc6 8.
Qd2 Qa5 9. b3 a6 10. Rc1 cxd4 11. Nxd4 Bd7 12. Nxc6 bxc6 13. Be2 Be6 14.
O-O Nd7 15. Nd5 Qxd2 16. Nxe7+ Kh8 17. Bxd2 Nb8 18. Bb4 Bd4+ 19. Kh1 Bc5
20. Bc3+ f6 21. f4 Ra7 22. f5 Rxe7 23. fxe6 Rxe6 24. Bg4 Rxe4 25. Rxf6 Rxf6
26. Bxf6+ Kg8 27. Bf3 Re8 28. Bc3 Kf7 29. b4 Be3 30. Rf1 Ke7 31. Re1 Kf8
32. a4 Bg5 33. Rf1 Ke7 34. g3 Kd7 35. b5 axb5 36. cxb5 d5 37. h4 Be3 38.
Re1 Re7 39. bxc6+ Nxc6 40. Bxd5 Bc5 41. Rxe7+ Nxe7 42. Be4 Kd6 43. Kg2 Nd5
44. Bd2 Ne3+ 45. Kf3 Nc4 46. Bc3 Bb6 47. g4 Ke6 48. Bc2 Ne5+ 49. Kf4 Nc6
50. Bb3+ Ke7 51. Bd5 Bc7+ 52. Ke4 Nb8 53. a5 Nd7 54. Bc4 Nf6+ 55. Kf3 Nd7
56. a6 Bb6 57. g5 Kd6 58. Bg8 Kc6 59. Bxh7 Nf8 60. Bg8 Kb5 61. Bg7 Nd7 62.
Bf7 Kxa6 63. Bxg6 Bd8 64. Kg4 Nc5 65. Bf5 1-0

[Event "Charity Cup - Preliminari"]
[Site "Internet"]
[Date "20.03.2022"]
[Round "8"]
[White "Harikrishna, Pentala"]
[Black "Anton, David"]
[Result "1/2-1/2"]
[WhiteElo "2716"]
[BlackElo "2694"]
[EventDate "2022.03.19"]

1. d4 d5 2. Nf3 e6 3. Bf4 Bd6 4. e3 Bxf4 5. exf4 Ne7 6. Nbd2 b6 7. c3 O-O
8. h4 c5 9. h5 h6 10. Rc1 Ba6 11. Bxa6 Nxa6 12. O-O Nb8 13. Ne5 Nbc6 14.
Ndf3 Rc8 15. Re1 Nf5 16. Qa4 Qe8 17. Qd1 Nce7 18. Ng4 f6 19. Ngh2 Qd7 20.
Qe2 Kf7 21. Rcd1 Nc6 22. Ng4 cxd4 23. cxd4 Qd6 24. g3 Rc7 25. Ne3 Nxe3 26.
Qxe3 Ne7 27. g4 Rc2 28. Rd2 Rxd2 29. Qxd2 Rc8 30. Kg2 a5 31. Re2 b5 32. Nh4
b4 33. Qe3 Rc4 34. Ng6 Nc6 35. Rd2 a4 36. b3 Rc3 37. Rd3 axb3 38. axb3 Rc2
39. Qf3 Ne7 40. f5 Nxg6 41. hxg6+ Ke7 42. fxe6 Qc6 43. Qf4 Qc7 44. Qf3 Rc3
45. Re3 Qc6 46. Qf4 Rxe3 47. fxe3 Qc2+ 48. Kg3 Qc1 49. Kg2 Qd2+ 50. Kf1
Qc1+ 51. Kf2 Qd2+ 52. Kf1 Qc1+ 53. Kf2 Qd2+ 54. Kf1 1/2-1/2

[Event "Charity Cup - Preliminari"]
[Site "Internet"]
[Date "20.03.2022"]
[Round "8"]
[White "Ding Liren"]
[Black "Praggnanandhaa, Rameshbabu"]
[Result "0-1"]
[WhiteElo "2799"]
[BlackElo "2619"]
[EventDate "2022.03.19"]

1. Nf3 d5 2. g3 c5 3. Bg2 Nc6 4. d4 Nf6 5. O-O e6 6. c4 dxc4 7. dxc5 Qxd1
8. Rxd1 Bxc5 9. Nbd2 c3 10. bxc3 O-O 11. Nb3 Be7 12. Nfd4 Nxd4 13. cxd4 Nd5
14. Bd2 f5 15. Na5 b6 16. Nc6 Bf6 17. a4 Bb7 18. Bxd5 exd5 19. Ne5 Ba6 20.
Kf1 Rfe8 21. f4 Rec8 22. Ke1 Bc4 23. Rdb1 Rab8 24. Rb2 a6 25. Bb4 b5 26.
Bd6 Ra8 27. a5 Rd8 28. Bc5 Rac8 29. Kd2 g5 30. Kc3 h5 31. e3 Kg7 32. Kb4
Rh8 33. h3 g4 34. Rh2 Bxe5 35. fxe5 Bd3 36. e6 Be4 37. e7 Kf7 38. h4 Rhe8
39. Ra3 Rxe7 40. Bxe7 Rc4+ 41. Kb3 Kxe7 42. Kb2 Kd6 43. Rc3 b4 44. Rc1 Kc6
45. Rd2 Kb5 46. Rdd1 Bf3 47. Rf1 Kxa5 48. Rxc4 dxc4 49. d5 c3+ 0-1

[Event "Charity Cup - Preliminari"]
[Site "Internet"]
[Date "20.03.2022"]
[Round "8"]
[White "Navara, David"]
[Black "Rapport, Richard"]
[Result "1/2-1/2"]
[WhiteElo "2700"]
[BlackElo "2762"]
[EventDate "2022.03.19"]

1. d4 f5 2. g3 Nf6 3. Bg2 e6 4. c4 Be7 5. Nc3 O-O 6. Nf3 d5 7. O-O c6 8.
Rb1 a5 9. a3 Nbd7 10. Ng5 Nb8 11. Qd3 h6 12. Nf3 Nbd7 13. b4 axb4 14. axb4
Nb6 15. Ne5 Nfd7 16. Ng6 dxc4 17. Qe3 Rf6 18. Nxe7+ Qxe7 19. b5 Qd6 20.
bxc6 bxc6 21. Qd2 Nd5 22. e4 Nxc3 23. Qxc3 fxe4 24. Bxe4 Rf8 25. Qxc4 Ba6
26. Qxc6 Qxc6 27. Bxc6 Rab8 28. Bf4 Bxf1 29. Rxf1 Rxf4 30. gxf4 Nf6 31. Rd1
Kf7 32. d5 exd5 33. Bxd5+ Nxd5 34. Rxd5 Rb4 35. f5 Rf4 36. Kg2 Kf6 37. Kg3
Rxf5 38. Rd6+ Kf7 39. Rd7+ Kf6 40. Rd6+ Kf7 41. Rd7+ Kf6 42. Rd6+ 1/2-1/2

[Event "Charity Cup - Preliminari"]
[Site "Internet"]
[Date "21.03.2022"]
[Round "9"]
[White "Rapport, Richard"]
[Black "Niemann, Hans Moke"]
[Result "1-0"]
[WhiteTitle ""]
[BlackTitle ""]
[WhiteElo "2762"]
[BlackElo "2642"]
[WhiteFideId "738590"]
[BlackFideId "2093596"]
[EventDate "2022.03.19"]

1. e4 e5 2. Nf3 Nc6 3. d3 Nf6 4. g3 Bc5 5. Bg2 d6 6. c3 O-O 7. b4 Bb6 8. O-O h6
9. a4 a5 10. b5 Ne7 11. Nbd2 Be6 12. d4 Ng6 13. Re1 Re8 14. Bb2 c6 15. c4 cxb5
16. cxb5 Rc8 17. h3 Qd7 18. Kh2 d5 19. Nxe5 Nxe5 20. dxe5 Nxe4 21. Nxe4 dxe4 22.
Qxd7 Bxd7 23. Bxe4 Rc7 24. Re2 Be6 25. Ba3 Bc4 26. Rc2 Bb3 27. Rxc7 Bxc7 28. Bb2
b6 29. f4 Rd8 30. Bc3 Rd1 31. Ra3 Bc4 32. Kg2 Bd8 33. Bf3 Rc1 34. Bd4 Rc2+ 35.
Kg1 Rc1+ 36. Kf2 Be7 37. Re3 Bd8 38. h4 Rc2+ 39. Ke1 Ra2 40. Bd1 Be7 41. f5 Bb4+
42. Bc3 Bc5 43. Rf3 Bd5 44. Rf1 Bg2 45. Rf4 Be3 46. Bb3 Ra3 47. e6 Bc5 48. Bd4
Bd6 49. exf7+ Kf8 50. Be6 Rxg3 51. Bxb6 Rd3 52. Rc4 Bb4+ 53. Rxb4 1-0

[Event "Charity Cup - Preliminari"]
[Site "Internet"]
[Date "21.03.2022"]
[Round "9"]
[White "Lei Tingjie"]
[Black "Navara, David"]
[Result "0-1"]
[WhiteTitle ""]
[BlackTitle ""]
[WhiteElo "2535"]
[BlackElo "2700"]
[WhiteFideId "8605114"]
[BlackFideId "309095"]
[EventDate "2022.03.19"]

1. e4 e5 2. Nf3 Nc6 3. Bc4 Bc5 4. c3 Nf6 5. d4 exd4 6. e5 d5 7. Bb5 Ne4 8. cxd4
Bb6 9. Nc3 O-O 10. Be3 Bg4 11. h3 Bh5 12. Qc2 Nxc3 13. bxc3 f6 14. exf6 Qxf6 15.
Be2 Bxf3 16. Bxf3 Ne7 17. O-O c6 18. Rae1 Bc7 19. Bg4 Nf5 20. Bc1 g6 21. Ba3
Rfe8 22. Qb1 Nd6 23. Rxe8+ Rxe8 24. Re1 Rxe1+ 25. Qxe1 Ne4 26. Bf3 Qf4 27. Bxe4
Qxe4 28. Qxe4 dxe4 29. Kf1 Kf7 30. Ke2 Ke6 31. c4 b5 32. Ke3 bxc4 33. Kxe4 Ba5
34. f4 Bd2 35. g4 a5 36. f5+ gxf5+ 37. gxf5+ Kf6 38. Bc5 c3 39. Kd3 a4 40. Bb4
Kxf5 41. Bxc3 Bxc3 42. Kxc3 Ke4 43. Kc4 a3 44. Kb4 Kxd4 45. Kxa3 Kc3 46. Ka4 h5
47. Ka5 c5 48. Kb5 c4 49. a4 Kd4 50. a5 c3 51. a6 c2 52. a7 c1=Q 53. a8=Q Qc4+
54. Kb6 Qc5+ 55. Ka6 Qa3+ 56. Kb7 Qxa8+ 57. Kxa8 Ke4 58. Kb7 Kf4 59. Kc6 Kg3 0-1

[Event "Charity Cup - Preliminari"]
[Site "Internet"]
[Date "21.03.2022"]
[Round "9"]
[White "Van Foreest, Jorden"]
[Black "Ding Liren"]
[Result "1-0"]
[WhiteTitle ""]
[BlackTitle ""]
[WhiteElo "2714"]
[BlackElo "2799"]
[WhiteFideId "1039784"]
[BlackFideId "8603677"]
[EventDate "2022.03.19"]

1. e4 e5 2. Nf3 Nc6 3. Bc4 Nf6 4. Ng5 d5 5. exd5 Na5 6. Bb5+ c6 7. dxc6 bxc6 8.
Bd3 Nd5 9. Nf3 Bd6 10. O-O Nf4 11. Nc3 Nxd3 12. cxd3 O-O 13. Ne4 Re8 14. Qa4 Bf8
15. b4 Nb7 16. Qxc6 Qd7 17. Qc3 a5 18. Nxe5 Qd5 19. Nc6 Ra6 20. b5 Qxb5 21. Nd4
Qh5 22. Ba3 Rh6 23. Nf3 Bxa3 24. Qxa3 Bg4 25. Rfe1 Rhe6 26. Nd4 Re5 27. f4 1-0

[Event "Charity Cup - Preliminari"]
[Site "Internet"]
[Date "21.03.2022"]
[Round "9"]
[White "Jones, Gawain"]
[Black "Harikrishna, Pentala"]
[Result "1/2-1/2"]
[WhiteTitle ""]
[BlackTitle ""]
[WhiteElo "2672"]
[BlackElo "2716"]
[WhiteFideId "409561"]
[BlackFideId "5007003"]
[EventDate "2022.03.19"]

1. e4 c6 2. d4 d5 3. exd5 cxd5 4. Nf3 Nc6 5. Bb5 Bg4 6. h3 Bxf3 7. Qxf3 a6 8.
Bxc6+ bxc6 9. O-O e6 10. c4 Bd6 11. Nc3 Qf6 12. Qd1 Ne7 13. cxd5 exd5 14. Re1
O-O 15. Qg4 h6 16. Ne2 Ng6 17. Be3 Rfe8 18. Ng3 Bxg3 19. Qxg3 Re6 20. Rac1 Rae8
21. Rc3 Nh4 22. Rec1 Nf5 23. Qf3 Qg6 24. Qg4 Qf6 25. Qf3 Qg6 26. Qg4 Qf6 27. Qf3 1/2-1/2

[Event "Charity Cup - Preliminari"]
[Site "Internet"]
[Date "21.03.2022"]
[Round "9"]
[White "Le Quang Liem"]
[Black "Duda, Jan-Krzysztof"]
[Result "1-0"]
[WhiteTitle ""]
[BlackTitle ""]
[WhiteElo "2709"]
[BlackElo "2750"]
[WhiteFideId "12401137"]
[BlackFideId "1170546"]
[EventDate "2022.03.19"]

1. d4 Nf6 2. c4 e6 3. Nf3 d5 4. Nc3 c6 5. e3 Nbd7 6. Qc2 Bd6 7. Bd3 O-O 8. O-O
dxc4 9. Bxc4 b5 10. Be2 Bb7 11. e4 e5 12. dxe5 Nxe5 13. Nd4 Neg4 14. g3 Bc5 15.
Nf5 Re8 16. Bxg4 Nxg4 17. Bf4 Qb6 18. a4 b4 19. Nd1 Ba6 20. a5 Qb5 21. Nde3 Nxe3
22. Bxe3 Bf8 23. Rfd1 Rad8 24. Rxd8 Rxd8 25. Nd4 Qh5 26. Qxc6 Bd3 27. Qc7 Re8
28. f3 Qh3 29. Nf5 Be2 30. Qd7 Re6 31. Qc8 h5 32. Bc5 Kh7 33. Qxf8 Rg6 34. Qxf7
h4 35. Bf2 hxg3 36. Bxg3 Bxf3 37. Qxg6+ Kxg6 38. Nh4+ Kh5 39. Nxf3 Qg4 40. Kf2
Qxe4 41. Re1 Qc2+ 42. Re2 Qc5+ 43. Kg2 Kg6 44. a6 Qc6 45. Re7 Qxa6 46. Be5 Kf5
47. Bd4 Qc6 48. Rxa7 g5 49. Kg3 Qd6+ 50. Be5 Qd3 51. h3 Qb3 52. Bd4 Ke4 53. Re7+
Kd5 54. Re5+ Kc4 55. Rxg5 Kd3 56. h4 Qe6 57. h5 b3 58. Bg7 Qd6+ 59. Re5 Kc2 60.
Kf2 Kb1 61. h6 Qg6 62. Rg5 Qh7 63. Rh5 Ka2 64. Rh4 Qc2+ 65. Kg3 Qg6+ 66. Rg4
Qd6+ 67. Kh4 Qd3 68. Rf4 Qg6 69. Nd2 Qe8 70. Ne4 Qg6 71. Rg4 Qf5 72. Ng5 Qg6 73.
Re4 Kb1 74. Re6 Qc2 75. h7 Qf2+ 76. Kh5 Qh2+ 77. Kg6 Qc2+ 78. Re4 Qc6+ 79. Bf6 1-0

[Event "Charity Cup - Preliminari"]
[Site "Internet"]
[Date "21.03.2022"]
[Round "9"]
[White "Ju Wenjun"]
[Black "Vidit Santosh Gujrathi"]
[Result "0-1"]
[WhiteTitle ""]
[BlackTitle ""]
[WhiteElo "2560"]
[BlackElo "2723"]
[WhiteFideId "8603006"]
[BlackFideId "5029465"]
[EventDate "2022.03.19"]

1. d4 f5 2. g3 Nf6 3. Bg2 e6 4. c4 d5 5. Nh3 Be7 6. O-O O-O 7. Nd2 Nc6 8. e3 a5
9. b3 b6 10. Bb2 a4 11. bxa4 Ba6 12. Re1 Qd7 13. cxd5 exd5 14. Bc3 Kh8 15. Qb3
Ne4 16. Nf4 Nxd2 17. Bxd2 Bc4 18. Qd1 g5 19. Ne2 Nb4 20. Nc3 Nd3 21. Rf1 Nb2 22.
Qc2 Nxa4 23. Rfc1 b5 24. Nd1 Nb6 25. Nb2 Ra3 26. Nxc4 Nxc4 27. Be1 c6 28. Bf1
Bd6 29. Bd3 f4 30. exf4 gxf4 31. Rd1 Qh3 32. Bf1 Qh5 33. Rd3 fxg3 34. hxg3 Bxg3
35. fxg3 Rxf1+ 36. Kxf1 Qh1+ 37. Ke2 Qe4+ 38. Kf1 Rxd3 39. Qe2 Qh1+ 40. Kf2 Qh2+
41. Kf1 Ne3+ 0-1

[Event "Charity Cup - Preliminari"]
[Site "Internet"]
[Date "21.03.2022"]
[Round "10"]
[White "Niemann, Hans Moke"]
[Black "Vidit Santosh Gujrathi"]
[Result "1/2-1/2"]
[WhiteTitle ""]
[BlackTitle ""]
[WhiteElo "2642"]
[BlackElo "2723"]
[WhiteFideId "2093596"]
[BlackFideId "5029465"]
[EventDate "2022.03.19"]

1. c4 c5 2. Nf3 Nf6 3. Nc3 Nc6 4. d4 cxd4 5. Nxd4 e6 6. Bf4 d5 7. cxd5 Nxd5 8.
Nxc6 bxc6 9. Bd2 Bb4 10. Qa4 Qb6 11. a3 Bxc3 12. bxc3 O-O 13. e4 Nf6 14. Bd3 Ng4
15. O-O Rd8 16. Qc2 Ba6 17. Bxa6 Qxa6 18. Bf4 Qc4 19. Rfd1 e5 20. Rxd8+ Rxd8 21.
Rd1 Rxd1+ 22. Qxd1 h5 23. Bg5 Qxc3 24. h3 Nf6 25. Qd8+ Kh7 26. Bxf6 Qc1+ 27. Kh2
Qf4+ 28. Kg1 gxf6 29. Qf8 Qc1+ 30. Kh2 Qc4 31. f3 c5 32. Kg3 f5 33. exf5 h4+ 34.
Kf2 Qc2+ 35. Kg1 Qc1+ 36. Kh2 Qf4+ 37. Kh1 Qc1+ 38. Kh2 Qf4+ 39. Kh1 Qc1+ 40.
Kh2 1/2-1/2

[Event "Charity Cup - Preliminari"]
[Site "Internet"]
[Date "21.03.2022"]
[Round "10"]
[White "Duda, Jan-Krzysztof"]
[Black "Ju Wenjun"]
[Result "0-1"]
[WhiteTitle ""]
[BlackTitle ""]
[WhiteElo "2750"]
[BlackElo "2560"]
[WhiteFideId "1170546"]
[BlackFideId "8603006"]
[EventDate "2022.03.19"]

1. Nf3 d5 2. d4 Nf6 3. Bf4 c5 4. e3 e6 5. Nbd2 Qb6 6. Rb1 Bd6 7. Bg3 O-O 8. c3
Nbd7 9. Ne5 Qc7 10. f4 c4 11. a4 a6 12. Ra1 b6 13. Be2 Bb7 14. O-O b5 15. Bh4
Ne8 16. Qc2 f6 17. Bg4 f5 18. Be2 Nef6 19. Nxd7 Qxd7 20. Bxf6 Rxf6 21. Nf3 Rff8
22. g4 b4 23. a5 Bc6 24. Bd1 bxc3 25. bxc3 Rab8 26. gxf5 exf5 27. Qg2 Rbe8 28.
Ne5 Bxe5 29. fxe5 Re6 30. Kh1 Rg6 31. Qf3 Qd8 32. Ra2 Kh8 33. Qf4 Bd7 34. Bf3
Be6 35. Rb1 Rh6 36. Rab2 g5 37. Qg3 f4 38. exf4 gxf4 39. Qf2 Rg6 40. Rb6 Qc8 41.
Qh4 Rfg8 42. Bh5 R6g7 43. Qf6 Bf5 44. Bf3 Bxb1 45. Rxb1 Rf8 46. Qh4 Qf5 47. Re1
Qd3 48. Qf2 Qxc3 49. e6 Qb4 50. Bxd5 c3 51. Be4 f3 52. Bc2 Qd6 53. Re5 Rfg8 54.
Re1 Qf4 55. Re4 Qd2 56. Qxf3 Rg1# 0-1

[Event "Charity Cup - Preliminari"]
[Site "Internet"]
[Date "21.03.2022"]
[Round "10"]
[White "Harikrishna, Pentala"]
[Black "Le Quang Liem"]
[Result "1/2-1/2"]
[WhiteTitle ""]
[BlackTitle ""]
[WhiteElo "2716"]
[BlackElo "2709"]
[WhiteFideId "5007003"]
[BlackFideId "12401137"]
[EventDate "2022.03.19"]

1. c4 Nf6 2. Nc3 e6 3. e4 d5 4. e5 d4 5. exf6 dxc3 6. bxc3 Qxf6 7. Nf3 Nc6 8.
Bd3 Ne5 9. Be4 Nxf3+ 10. Bxf3 Qe5+ 11. Qe2 Qxe2+ 12. Kxe2 Rb8 13. a4 a5 14. d3
b6 15. Bc6+ Bd7 16. Bxd7+ Kxd7 17. Rb1 Bd6 18. Be3 c5 19. d4 Rhc8 20. d5 e5 21.
g4 e4 22. h4 f6 23. h5 Rf8 24. Rh3 Kc7 25. f4 Rbe8 26. f5 h6 27. Kf2 Re7 28. Rb2
Rb8 29. Rh1 Ree8 30. Re1 Re7 31. Kg2 Rbe8 32. Rb5 Rb8 33. Bf2 Rbe8 34. Reb1 Rb8
35. Be3 Ree8 36. Kf2 Be5 37. Ke2 Bd6 38. Kd2 Re7 39. Rf1 Rbe8 40. Rbb1 Be5 41.
Rbe1 Bg3 42. Re2 Bd6 43. Rg1 Kd7 44. Ree1 Kc7 45. Ref1 Kd7 46. Rh1 Kc7 47. Rh3
Kd7 48. Re1 Kc7 49. Ke2 Be5 50. Rc1 Bd6 51. Kf2 Be5 52. Kg2 Bd6 53. Re1 Kd7 54.
Re2 Kc7 55. Rh1 Be5 56. Rd1 Bd6 57. Rde1 Kd7 58. Bg1 e3 59. Rxe3 Rxe3 60. Rxe3
Rxe3 61. Bxe3 Be5 62. Bd2 Kd6 63. Kf3 Kd7 64. Ke3 Kd6 65. Ke4 Bg3 66. Be3 Be5
67. Bf2 Bh2 68. Be3 Be5 69. Bd2 Bh2 70. Kf3 Be5 71. Ke4 1/2-1/2

[Event "Charity Cup - Preliminari"]
[Site "Internet"]
[Date "21.03.2022"]
[Round "10"]
[White "Ding Liren"]
[Black "Anton, David"]
[Result "1/2-1/2"]
[WhiteTitle ""]
[BlackTitle ""]
[WhiteElo "2799"]
[BlackElo "2694"]
[WhiteFideId "8603677"]
[BlackFideId "2285525"]
[EventDate "2022.03.19"]

1. g3 d5 2. Nf3 e6 3. Bg2 Nf6 4. O-O c5 5. c4 d4 6. e3 Nc6 7. d3 h6 8. exd4 cxd4
9. Bf4 Nd7 10. Re1 Bc5 11. Na3 a6 12. Nc2 O-O 13. a3 a5 14. b3 Re8 15. Bd2 e5
16. b4 Bd6 17. Rb1 Ra7 18. Re2 Nf6 19. c5 Bf8 20. b5 Nb8 21. c6 bxc6 22. b6 Ra6
23. Nxe5 Rxb6 24. Rxb6 Qxb6 25. Nc4 Qb3 26. Rxe8 Nxe8 27. Bxa5 Be6 28. Bf3 Bxc4
29. dxc4 d3 30. Ne1 Qxa3 31. Bd8 Nd6 32. Qxd3 Qxd3 33. Nxd3 Nxc4 34. Bc7 Bd6 35.
Bxb8 Bxb8 36. Bxc6 Ne5 37. Nxe5 Bxe5 38. Bd5 g5 39. h3 Kg7 40. Kg2 Bf6 41. Bc4
Be5 42. Bb3 Bf6 43. Bc4 Be5 44. Bb3 Bf6 45. Bc4 1/2-1/2

[Event "Charity Cup - Preliminari"]
[Site "Internet"]
[Date "21.03.2022"]
[Round "10"]
[White "Carlsen, Magnus"]
[Black "Van Foreest, Jorden"]
[Result "1/2-1/2"]
[WhiteTitle ""]
[BlackTitle ""]
[WhiteElo "2864"]
[BlackElo "2714"]
[WhiteFideId "1503014"]
[BlackFideId "1039784"]
[EventDate "2022.03.19"]

1. Nf3 d5 2. g3 g6 3. Bg2 Bg7 4. d4 Nf6 5. O-O O-O 6. c4 c6 7. b3 Bf5 8. Bb2
Nbd7 9. a4 Ne4 10. Na3 a6 11. Nc2 Be6 12. Ne3 b5 13. Qc2 bxc4 14. bxc4 Bh6 15.
Bc1 Bg7 16. Ba3 Nd6 17. Rad1 h6 18. Ne5 Rc8 19. Bxd6 exd6 20. Nxd7 Bxd7 21. cxd5
c5 22. dxc5 Rxc5 23. Qd3 Bxa4 24. Qxa6 Bxd1 25. Rxd1 Qc7 26. Bf3 h5 27. h4 Rb8
28. Kg2 Bh6 29. Nf1 Kh7 30. Nh2 Rb3 31. Qa4 Rb2 32. Qe8 Bg7 33. Nf1 Be5 34. Nd2
Kg7 35. Ne4 Rb8 36. Qa4 Rc1 37. Rxc1 Qxc1 38. Qa7 Rb1 39. Kh3 Qc8+ 40. Kh2 Qb7
41. Qxb7 Rxb7 42. Ng5 Rb2 43. Kg2 Rd2 44. Kh2 Rd1 45. Kg2 Rd4 46. Kg1 Kf8 47.
Kg2 Ke7 48. Kg1 Bg7 49. Kg2 Bh6 50. Nh3 Kf6 51. Ng1 Bc1 52. e3 Rd2 53. Ne2 Ba3
54. Kf1 Bc5 55. Nf4 Bb4 56. Nh3 Kg7 57. Ng5 Ba5 58. Nh3 Bd8 59. Nf4 Bf6 60. Ke1
Ra2 61. Kf1 Kf8 62. Nh3 Ke7 63. Nf4 Kd8 64. Be2 Rb2 65. Bd3 Rd2 66. Bb5 Be5 67.
Nh3 Rxd5 68. Bc4 Rd1+ 69. Ke2 Rh1 70. Ng5 f6 71. Bd5 Rb1 72. Nf7+ Kd7 73. Nh8 g5
74. Ng6 Rb2+ 75. Kf1 Bc3 76. Bf3 g4 77. Bd5 Be5 78. Nxe5+ dxe5 79. Bf7 f5 80.
Bxh5 e4 81. Bg6 Rb5 82. h5 Ke6 83. Kg2 Kf6 84. Kg1 Kg5 85. Kg2 Rb1 86. Be8 Rb8
87. Bg6 Rb1 88. Be8 Rb8 89. Bg6 Rb1 1/2-1/2

[Event "Charity Cup - Preliminari"]
[Site "Internet"]
[Date "21.03.2022"]
[Round "10"]
[White "Navara, David"]
[Black "Praggnanandhaa, Rameshbabu"]
[Result "1/2-1/2"]
[WhiteTitle ""]
[BlackTitle ""]
[WhiteElo "2700"]
[BlackElo "2619"]
[WhiteFideId "309095"]
[BlackFideId "25059530"]
[EventDate "2022.03.19"]

1. e4 c5 2. Nf3 Nc6 3. Bb5 g6 4. O-O Bg7 5. c3 Nf6 6. Re1 O-O 7. d4 d5 8. e5 Ne4
9. Be3 cxd4 10. cxd4 Qb6 11. Bxc6 Qxc6 12. Nfd2 Be6 13. f3 Nxd2 14. Qxd2 Rfc8
15. Nc3 a5 16. Rec1 a4 17. Ne4 Qb5 18. Nc5 Bf5 19. g4 Bd7 20. Rc3 b6 21. Nxd7
Qxd7 22. Rac1 f6 23. Kg2 Qe6 24. exf6 Bxf6 25. Rxc8+ Rxc8 26. Rxc8+ Qxc8 27. g5
Bg7 28. Qb4 Qc2+ 29. Bf2 Kf7 30. Qxb6 Qb1 31. a3 h6 32. gxh6 Bxh6 33. Qb5 Kg7
34. Qxa4 Qxb2 35. Qb4 Qe2 36. Qe1 Qa2 37. Qxe7+ Kg8 38. Qe8+ Kh7 39. Qe7+ Bg7
40. Kg3 Qa1 41. Qh4+ Kg8 42. Qd8+ Kh7 43. Qxd5 Qxa3 44. Kg2 Qd3 45. h4 Qd2 46.
Qe4 Bf6 47. Qb7+ Kh6 48. Qe4 Kg7 49. d5 Kh7 50. Kg3 Bd8 51. Bd4 Bc7+ 52. Be5 Bb6
53. d6 Qf2+ 54. Kg4 Qg1+ 55. Bg3 Bf2 56. Qe7+ Kg8 57. Qe6+ Kh7 58. Qe7+ Kg8 59.
Qe5 Bxg3 60. Qxg3 Qd4+ 61. Qf4 Qg1+ 62. Qg3 Qd4+ 63. Kh3 Kh7 64. Qh2 Qd3 65. Qg3
Qd4 66. Qg4 Qxd6 67. Qe4 Qd7+ 68. Kg3 Qd6+ 69. Kg4 Qd7+ 70. Kf4 Qd8 71. h5 Qh4+
72. Ke5 Qxe4+ 73. Kxe4 gxh5 74. Kf5 h4 75. Kg4 Kg6 76. Kxh4 Kf5 77. f4 Kxf4 1/2-1/2